| Tag |
First Indicator |
Second Indicator |
Subfields |
| LEADER |
00000cam a2200000 a 4500 |
| 001 |
in00000077564 |
| 005 |
20151008053759.0 |
| 008 |
780912s1978 xx a bc 00010ceng d |
| 010 |
|
|
|a 77080809
|
| 035 |
|
|
|a (OCoLC)04217188
|
| 035 |
|
|
|9 AAH8613AM
|
| 040 |
|
|
|a YSM
|c YSM
|d m.c.
|d TXA
|d UtOrBLW
|
| 043 |
|
|
|a n-us---
|a n-us-ma
|
| 049 |
|
|
|a TXAM
|c [1480757]
|
| 090 |
|
|
|a N6505
|b .M39
|
| 110 |
2 |
|
|a Mead Art Building.
|
| 245 |
1 |
2 |
|a A summary catalogue of the collection at the Mead Art Gallery [Amherst College] /
|c Lewis A. Shepard, with David Paley ; preface by Frank Trapp.
|
| 264 |
|
1 |
|a [Place of publication not identified] :
|b [publisher not identified] ;
|c [1978]
|
| 264 |
|
2 |
|a Middletown, Conn. :
|b Distributed by Wesleyan University Press,
|
| 264 |
|
4 |
|c ©1978
|
| 300 |
|
|
|a 252 pages :
|b illustrations (some color) ;
|c 24 x 28 cm.
|
| 336 |
|
|
|a text
|b txt
|2 rdacontent
|
| 337 |
|
|
|a unmediated
|b n
|2 rdamedia
|
| 338 |
|
|
|a volume
|b nc
|2 rdacarrier
|
| 500 |
|
|
|a Cover title: American art at Amherst.
|
| 504 |
|
|
|a Includes bio-bibliographical sketches of the artists.
|
| 650 |
|
0 |
|a Art, American
|v Catalogs.
|
| 650 |
|
0 |
|a Art
|z Massachusetts
|z Amherst
|x Catalogs.
|
| 650 |
|
0 |
|a Art, American
|y 19th century.
|
| 650 |
|
0 |
|a Art, American
|y 20th century.
|
| 700 |
1 |
|
|a Shepard, Lewis A.
|
| 700 |
1 |
|
|a Paley, David.
|
| 740 |
0 |
|
|a American art at Amherst
|
| 999 |
|
|
|a MARS
|
| 999 |
f |
f |
|s d335e1a9-d247-3d00-b675-d3ebe65d6f1a
|i bb8ef2d8-f685-3548-8fc3-1df13a6d443a
|t 0
|
| 952 |
f |
f |
|p normal
|a Texas A&M University
|b College Station
|c Sterling C. Evans Library
|d Evans: Library Stacks
|t 0
|e N6505 .M39
|h Library of Congress classification
|i unmediated -- volume
|m A14806166306
|
| 998 |
f |
f |
|a N6505 .M39
|t 0
|l Evans: Library Stacks
|